|
|
|
|
| LEADER |
01831cas a2200289 a 4500 |
| 001 |
AALejournalIMF002688 |
| 008 |
230101c9999 xx r poo 0 0eng d |
| 020 |
|
|
|c 5.00 USD
|
| 020 |
|
|
|z 9781451827538
|
| 022 |
|
|
|a 1934-7685
|
| 040 |
|
|
|a BD-DhAAL
|c BD-DhAAL
|
| 110 |
2 |
|
|a International Monetary Fund.
|
| 245 |
1 |
0 |
|a Islamic Republic of Mauritania :
|b Statistical Appendix.
|
| 264 |
|
1 |
|a Washington, D.C. :
|b International Monetary Fund,
|c 2003.
|
| 300 |
|
|
|a 1 online resource (64 pages)
|
| 490 |
1 |
|
|a IMF Staff Country Reports
|
| 500 |
|
|
|a <strong>Off-Campus Access:</strong> No User ID or Password Required
|
| 500 |
|
|
|a <strong>On-Campus Access:</strong> No User ID or Password Required
|
| 506 |
|
|
|a Electronic access restricted to authorized BRAC University faculty, staff and students
|
| 520 |
3 |
|
|a In this paper, the following statistical data are listed in detail: GDP by sector of origin, growth of output by sector, GDP at current prices, expenditure and savings at current prices, estimated fish catch, composition of fish exports, net production of electricity and water, selected indicators for public enterprises, public utility rates, consumption of petroleum products, unit prices of petroleum products, treasury operations, structure of budgetary revenue, subsidies and transfers, monetary survey, assets and liabilities of central bank, balance of payments, exports, imports, and so on.
|
| 538 |
|
|
|a Mode of access: Internet
|
| 650 |
|
7 |
|a International Agreements and Observance
|2 imf
|
| 650 |
|
7 |
|a International Organizations
|2 imf
|
| 650 |
|
7 |
|a Monetary Policy
|2 imf
|
| 650 |
|
7 |
|a Statistical Appendix
|2 imf
|
| 830 |
|
0 |
|a IMF Staff Country Reports; Country Report ;
|v No. 2003/315
|
| 856 |
4 |
0 |
|z Full text available on IMF
|u http://elibrary.imf.org/view/journals/002/2003/315/002.2003.issue-315-en.xml
|z IMF e-Library
|